000 01075cam a2200313 a 4500
003 CHAP
005 20220329142107.0
008 990617d1996 mx r o00110 spa d
010 _a78304
011 _a79276
020 _a9706282106
035 _a89481
040 _cCHAP
082 0 4 _a312.0972
_bC66 Camp.
110 0 _aMéxico. Consejo Nacional de Población
_976888
245 1 0 _aSituación demográfica del estado de :
_bCampeche
_c/por Consejo Nacional de Población
260 _aMéxico, D.F. :
_bConsejo Nacional de Población,
_c1996.
300 _a32 p. :
_bgráfs. ; mapas ; anexos
590 _aBATCH-UPD
_b10
_c20130110
_lUCH01
_h2322
590 _aBATCH-UPD
_b10
_c20130410
_lUCH01
_h1612
590 _aBATCH-UPD
_b10
_c20130914
_lUCH01
_h1923
590 _aCONVERSION
_b10
_c20130109
_lUCH01
_h1343
650 1 4 _aPoblación
_xEstadísticas
_zCampeche.
_989373
650 1 4 _aPoblación
_zCampeche.
_989416
901 _aBK
905 _aGuadalupe Pinto C.
942 _cLIBRO
949 _a312.0972 C66 Camp.
_bBC
_cC
_d33724000728838
_eC
_h95699
_i89481
_kDonaciØn
_sb
999 _c78304
_d78304